50 Flicks to Click (1971) Quiz Stats

Quiz Updated Jan 11, 2018

Challenge
Share
Tweet
Embed
Score 0/50 Timer 07:00
4 Plays Today
% Correct
Chocolate
93.7%
Apes
93.7%
Clockwork
91.9%
Diamonds
91.7%
Fiddler
91.1%
See
90.9%
Something
90.1%
French
89.9%
Bedknobs
89.4%
Dirty
89.2%
Bloody
88.1%
Mary
88.1%
Local
85.9%
Summer
81.9%
Picture
81.8%
Maude
81.7%
Andromeda
81.2%
Carnal
79.5%
Misty
76.6%
Giants
70.1%
Venice
67.6%
Dogs
64.9%
Johnny
64.8%
Carter
61.1%
Man
61%
% Correct
Mans
59.8%
THX
57.2%
Point
56.8%
Alexandra
55.6%
Rillington
55.4%
Blacktop
54.7%
McCabe
53.9%
Red
51.8%
Gang
48.9%
Jessica
48.1%
Billy
47.1%
Wilderness
46.3%
Women
45.5%
Hunting
44.9%
Baadasssss
44%
Big
43.4%
Duck
43%
Bay
38.8%
Gentlemen
36%
Phibes
35.5%
Moskowitz
32.6%
Needle
32%
Skin
24.8%
English
24.6%
Wild
23.5%

You're not logged in!

Compare scores with friends on all Sporcle quizzes.
Sign Up with Email
OR
Log In

You Might Also Like...

Show Comments

Extras

Top Quizzes Today


Score Distribution

Your Account Isn't Verified!

In order to create a playlist on Sporcle, you need to verify the email address you used during registration. Go to your Sporcle Settings to finish the process.

Report this User

Report this user for behavior that violates our Community Guidelines.

Details: